000 00488nam a2200157 i 4500
001 65554
003 ES-MaACL
007 t|
008 040115s1961 ag ||||1| spa d
100 1 _aFriedmann, Georges.
_952641
245 1 0 _a¿Adónde va el trabajo humano? /
_cGeorges Friedmann ; traducción de María Elena Vela.
260 _aBuenos Aires :
_bSudamericana,
_c[1961]
300 _a427 p. ;
_c21 cm.
700 1 _aVela, María Elena.
_9113679
852 _aES-MaACL
_jE-9977
_bR.94414
999 _c65554
_d65554